000 00920nam a22001697a 4500
999 _c63565
_d63565
003 Ge_BSU
005 20251031151359.0
008 251031s1985 ge ||||| |||| 00| 0 geo d
041 _ageo
080 _a331.102.346 ხ-26
100 _aხარბედია, რ.
_926131
245 _aგონებრივ და ფიზიკურ შრომას შორის არსებითი განსხვავების დაძლევა /
_cრ. ხარბედია; რედ. რ. გოგოხია; ეკონომიკისა და სამართლის ინ-ტი.
300 _a95 გვ. ;
_b20 სმ.
520 _aრეზ. რუს.
653 _aგონებრივ და ფიზიკურ შრომას შორის არსებითი განსხვავებათა დაძლევა.
942 _2udc
_cᲬᲘᲒᲜᲘ